000 00550nam a22001697a 4500
003 UA-OsUOA
001 15230
007 ta
008 20031103b un ||||| |||| 00| 0 ukr d
942 _cSA
040 _aUA-OsUOA
_cUA-OsUOA
_dUA-OsUOA
245 _aКучма призначив Ігоря Бакая [з Рівного] головою Держкомітету України з водного господарства
300 _aС.2
955 _a0
773 0 _w0
_tОго
_dРівне
_d2003
_g№123/22 лип./
650 7 _aБакай І.
_2UDC
999 _c301395
_d301395